000 00279nam a22001337a 4500
008 170425b xxu||||| |||| 00| 0 eng d
020 _a9780697211590
041 _aeng
080 _a577
100 _a12
101 _aSHM
245 _aBIOCHEMISTRY
_cMCKEE.T
942 _2udc
_cBK
999 _c11878
_d11878